000 00512nam a2200181Ia 4500
005 20250508151500.0
008 008 250505s9999 xx 000 0 eng d
037 _aTextual
040 _aFEDL
_beng
_cFEDL
041 _aeng
_2eng
084 _a914.7, SHA
_qFEDL
100 _aShabad Theodore
245 0 _aGeography of the USSR : A regional survey
260 _aNew York, USA
_b Columbia University Press
_c1951
300 _a584p.
942 _cTEXL
_h914.7, SHA
999 _c1330092
_d1330092